000 00608nam a2200205Ia 4500
003 GCL
008 140319s9999 xx 000 0 ara d
040 _aGCL /
_cGCL
082 0 4 _a707
_bم ق
100 1 _aمحمود البسيونى
245 1 0 _aقضايا التربية الفنية /
_cمحمود البسيونى
250 _aالثانية
260 _aالقاهرة :
_bعالم الكتب الحديث ،
_c1985
300 _a292 ص ؛
_c19 سم
650 0 4 _aالنحت
650 0 4 _aالرسم
650 0 4 _aالتصوير
650 0 4 _aالتربية الفنية
942 _2ddc
_cBK
999 _c32697
_d32697